000 00485nam a2200169Ia 4500
003 GCL
008 140319s9999 xx 000 0 eng d
040 _aGCL /
_cGCL
082 0 4 _a820
_bF F
100 1 _aBORICH, GARY
245 1 0 _aFROM DICKEN TO HARDY :
_bTHEPELICAN GUIDE TO ENGLISH LITERATURE /
_cBORICH, GARY
260 _aانجلترا :
_bPENGUIM PRESS ،
_c1973
300 _a517 P ؛
_c18 cm.
650 0 4 _aENGLISH LITERATURE
650 0 4 _aENGLISH FICTION
942 _2ddc
_cBK
999 _c4891
_d4891